U.S. Regime Changes - Statistics

General Stats
  • This quiz has been taken 3 times
  • The average score is 26 of 29
Answer Stats
Year Completed Leader Deposed Answer Leader Instilled % Correct
1976 Isabel Perón Argentina Jorge Rafael Videla
100%
1975 Gough Whitlam Australia Malcolm Fraser
100%
2019 Evo Morales Bolivia Jeanine Áñez
100%
1964 João Goulart Brazil Humberto de Alencar Castelo Branco
100%
1970 Norodom Sihanouk, Cambodia Pol Pot
100%
1973 Salvador Allende Chile Augusto Pinochet
100%
1965 Patrice Lumumba Congo Mobutu Sese Seko
100%
1961 Rafael Trujillo Dominican Republic Juan Bosch
100%
1952 Farouk I Egypt Mohamed Naguib
100%
1954 Jacobo Árbenz Guatemala Carlos Castillo Armas
100%
1991 Jean-Bertrand Aristide Haiti Raoul Cédras
100%
1995 Raoul Cédras, Haiti Jean-Bertrand Aristide
100%
2009 Manuel Zelaya Honduras Roberto Micheletti
100%
1961 Sukarno Indonesia Suharto
100%
1953 Mohammad Mosaddegh Iran Mohammad Reza Pahlavi
100%
1963 Abd al-Karim Qasim Iraq Ahmed Hassan al-Bakr
100%
2011 Saddam Hussein Iraq Jalal Talabani
100%
2005 Askar Akayev Kyrgyzstan Kurmanbek Bakiyev
100%
1960 Kong Le Laos Phoumi Nosavan
100%
2011 Muammar Gaddafi Libya Mustafa Abdul Jalil
100%
2006 Ismail Haniyeh Palestine Mahmoud Abbas
100%
1989 Manuel Noriega Panama Guillermo Endara
100%
2024 Bashar al-Assad Syria Ahmed al-Sharaa
100%
2026 Nicolás Maduro Venezuela Delcy Rodríguez
100%
1971 Juan José Torres Bolivia Hugo Banzer
50%
1982 Goukouni Oueddi Chad Hissène Habré
50%
1983 Hudson Austin Grenada Nicholas Brathwaite
50%
1910 José Madriz Nicaragua Juan José Estrada
50%
1968 Arnulfo Arias Panama Omar Torrijos
0%
No matching quizzes found
Score Distribution
Percent of People with Each Score
Percentile by Number Answered
Your Score History
You have not taken this quiz